000 00684nam a2200265Ia 4500
008 160303s9999 xx 000 0 und d
020 _a971-113-083-1
050 _aFIL BJ 1012
050 _b.R49 2000
100 _aReyes, Ramon Castillo.
245 _aGround and norm of morality :
245 _bethics for college students /
245 _cRamon Castillo Reyes.
260 _aMandaluyong:
260 _bNational Book Store,
260 _c2000
300 _a164 pages :
300 _billustrations ;
300 _c22 cm.
500 _aIncludes index.
650 _aCollege students --
650 _aEthics
650 _aMorality.
650 _xConduct of life.
999 _c291198
_d291198